| 000 | 00838cam a22002535i 4500 | ||
|---|---|---|---|
| 001 | 2030 | ||
| 003 | BD-RjUL | ||
| 005 | 20211208233452.0 | ||
| 008 | 131210s2012 bg b 001 0 eng d | ||
| 020 | _a9840750666 | ||
| 035 | _a(BD-RjUL)2057 | ||
| 040 |
_aDLC _beng _erda _cDLC _dDLC _dBD-RjUL |
||
| 041 | _aeng | ||
| 082 | 0 | 0 |
_220 _a320.95492 _bFID 2012 |
| 100 | 1 |
_aFiroj, Jalal. _96659 |
|
| 245 | 1 | 0 |
_aDemocracy in Bangladesh : _bconflicting issues and conflict resolution 1991-2001 / _cJalal Firoj. |
| 260 |
_aDhaka : _bBangla Academy, _c2012. |
||
| 300 |
_axvi, 424 p. ; _c22 cm. |
||
| 504 | _aIncludes bibliographical references (pages 389-406) and index. | ||
| 650 |
_aDemocracy _zBangladesh _9174649 |
||
| 651 | 0 |
_aBangladesh _96660 _vPolitics and government. |
|
| 710 | 2 |
_aBāṃlā Ekāḍemī (Bangladesh) _96661 |
|
| 942 |
_2ddc _cBK |
||
| 999 |
_c2030 _d2030 |
||